Accounting and finance for non-finance managers / (Record no. 165548)

MARC details
000 -LEADER
fixed length control field 00612nam a22001937a 4500
005 - DATE AND TIME OF LATEST TRANSACTION
control field 20190621152004.0
010 ## - LCCN (DPL NO)
LC control number ENG-125707
020 ## - INTERNATIONAL STANDARD BOOK NUMBER
International Standard Book Number 9789352806966
Terms of availability 795.00
035 ## - SYSTEM CONTROL NUMBER
System control number EN-109239
037 ## - SOURCE OF ACQUISITION
Source of stock number/acquisition DBAD/PUB
082 ## - DEWEY DECIMAL CLASSIFICATION NUMBER
Classification number 657
100 ## - MAIN ENTRY--PERSONAL NAME
Personal name Batra, Jai Kumar
245 ## - TITLE STATEMENT
Title Accounting and finance for non-finance managers /
Statement of responsibility, etc by Jai Kumar Batra
260 ## - PUBLICATION, DISTRIBUTION, ETC. (IMPRINT)
Place of publication, distribution, etc New Delhi
Name of publisher, distributor, etc Sage Publications
Date of publication, distribution, etc 2019
270 ## - ADDRESS
Address B1/1-1, Mohan Cooperative Industrial Area
City Mathura Road,New Delhi
Postal code 110044
300 ## - PHYSICAL DESCRIPTION
Extent various paging.
Dimensions 24cm(pbk)
500 ## - GENERAL NOTE
General note Includes index
942 ## - ADDED ENTRY ELEMENTS (KOHA)
Source of classification or shelving scheme Dewey Decimal Classification
Item type English Books
Classification part 657
Call number suffix BAT
Holdings
Withdrawn status Lost status Not for loan Collection code Home library Current library Date acquired Source of acquisition Cost, normal purchase price Full call number Barcode Copy number Cost, replacement price Koha item type
      Non-fiction Ashok Vihar Ashok Vihar 21/06/2019 DBAD/PUB 795.00 657 BAT EN-109239 1 795.00 English Books

© Delhi Public Library
Hit Counter
free hit counter